| 000 | 00463nam a2200205Ia 4500 | ||
|---|---|---|---|
| 003 | 0100 | ||
| 008 | 130303s9999 xx 000 0 und d | ||
| 040 | _cARRUPELIB | ||
| 050 | _aBJ37.M24 | ||
| 100 | _aMackie,Jonh Leslie | ||
| 245 | _aEthics | ||
| 245 | _binventing Right and Wrong | ||
| 260 | _aNew York | ||
| 260 | _bPenguin Books Ltd. | ||
| 260 | _C1977 | ||
| 300 | _a249p. | ||
| 300 | _b 18cm | ||
| 650 | _bPhilosophy, Ancient | ||
| 942 |
_2lcc _03 |
||
| 999 |
_c62494 _d62494 |
||